| 000 | 02581nam a2200445 c 4500 | ||
|---|---|---|---|
| 003 | BLK | ||
| 005 | 20230802130106.0 | ||
| 008 | 180408b bul|||||r ||||||| ||bul|| | ||
| 010 | _aKNG00036473000 | ||
| 020 | _a954-474-243-3 | ||
| 040 | _aBLK | ||
| 041 |
_aBUL _cBUL |
||
| 072 | 7 |
_2bullib _aЛ03 _xСебепознание. Мисловни техники. Психология. Парапсихология |
|
| 080 |
_aМислене. Представа - Абстракция. Подбор. Сравнение. Размисъл. Преценка. Мнение. Умозаключение. Индукция. Дедукция. Евристика. Мислене и говорене. Рефлексия (психол.) _b159.955 _x-053.2 _z159.955-053.2 |
||
| 080 |
_aРазвитие на умствените способности. Сугестопедия - Чрез упражнения за усъвършенствуване на движенията, чрез влияние върху физиологията и подсъзнанието, чрез внушение и самовнушение _b37.037 _x.018.1 _z37.037.018.1 |
||
| 100 | 1 |
_aДе Боно, Едуард _eпърви автор _9270403 |
|
| 139 |
_aДе Боно, Едуард _bД 30 |
||
| 245 | 1 | 0 |
_aНаучете детето си как да мисли _bРъководство за творческо мислене _cЕдуард Де Боно; прев. от англ. Верина Чавдарова Петрова. |
| 257 | _aMLT | ||
| 260 |
_aСофия _bКибеа _c2001 _fСофия : Балкан прес |
||
| 300 |
_a376 с. _bсъс сх. _c20 см |
||
| 380 | _a1 | ||
| 490 | _aСерия Познай себе си | ||
| 500 | _aОриг. загл. Teach Your Child How to Think / Edward de Bono. - Офс. изд. - Съдържа и Клубове по мислене ; За автора ; За книгата. | ||
| 650 | 4 |
_aМислене - у децата _9246502 |
|
| 650 | 4 |
_aДеца - интелектуални способности _9273241 |
|
| 650 | 4 |
_aВъзпитание в семейството _9242361 |
|
| 653 | _aдеца | ||
| 653 | _aтворческо мислене | ||
| 653 | _aсемейно възпитание | ||
| 659 | _aЛ | ||
| 700 | 1 |
_aПетрова, Верина Чавдарова _eпрев. от англ. _9268532 |
|
| 852 | _aЦб 203358 | ||
| 856 | 4 | _qpdf | |
| 856 | 4 | _qpdf | |
| 942 |
_cKNG _n0 _08 |
||
| 944 |
_aCR _c15.01.2003 _k30530 _lМинев Младен |
||
| 944 |
_aED _c15.11.2011 |
||
| 999 |
_c33781 _d33781 |
||
| 999 | _d33781 | ||